000 01359nam a22002417a 4500
005 20141112105858.0
008 141007n ag ||||fr|||| 001 0 spa d
040 _cSandra Yazo
_dSandra Yazo
041 0 _aspa
082 0 4 _220
_a861.942
092 _aE33N005
100 1 _aEstrada, Ángel de
_963777
245 1 0 _aEl huerto armonioso
_cÁngel de estrada (hijo)
260 _aBuenos Aires (Argentina)
_b[Editorial desconocida]
_c[fecha desconocida]
300 _a351 páginas
_c18 x 12 cm.
500 _aDetalles físicos: Encuadernación rígida en cartón forrado en papel. Lomo en tela con adornos en dorado. Guardas en papel impreso. Hoja de cortesía. Anteportada. Portada impresa en una sola tinta. Texto en una columna. Papel grueso
505 1 _aLa canción de Hortelano ; El cisne ; La Góndola de María Antonieta ; Vía Crucis ; La meditación ; El ruiseñor melancólico ; Visión ; La culpa de las Rosas ; Á Pederewski ; La nota ; Puesta de sol ; Á la alondra ; Canción otoñal ; Evocación ; Nenúfares ; Alucinación ; Espectro de oro ; Don ; Gnomo ; Busto ; Nocturno ; Invierno ; Espectros ; Oyendo un canto de Lulli
506 _aConsulta en sala
650 7 _921783
_aPoesía argentina
650 7 _918607
_aLiteratura argentina
690 _942866
_aLiteratura latinoamericana
942 _2LOCAL
_cLIBRO
_e1
_hE33N005
999 _c297181
_d297181